000 00376nam a2200133Ia 4500
008 151001s9999||||xx |||||||||||||| ||und||
100 _aसाईनाथ पाचारणे
245 _aकथा भारती
250 _a1
260 _b"निखील प्रकाशन, कोल्हापूर"
260 _c2014
300 _a144
365 _b21
999 _c1001335
_d1001332